| 000 | 00491nam a2200145Ia 4500 | ||
|---|---|---|---|
| 008 | 170221s9999 xx 000 0 und d | ||
| 100 | _aChong Mahn Ling | ||
| 245 | _aFramework for Effective Cross-border Knowledge Transfer | ||
| 245 | _cChong Mahn Ling, Yuen Yee Yen, Wendy Teoh Ming Yen | ||
| 260 | _bInternational Review of Management and Marketing | ||
| 260 | _c2016 | ||
| 300 | _a6 : 4S | ||
| 650 | _xMarketing. | ||
| 856 | _uhttp://www.econjournals.com/index.php/irmm/issue/view/77 | ||
| 999 |
_c308261 _d308261 |
||